000 004570000a22001810004500
003 MACL
005 20150801124840.0
008 150801b xxu||||| |||| 00| 0 eng d
040 _aMACL
_cMACL
041 _aEnglish
082 _a363
100 _aDesh Bandhu
_94018
245 _aEnvironmental Management
260 _bIndian environmental Society
_c1981
_aNew Delhi
350 _a50
650 _aSocial Problems & Services
_92211
942 _cBK
_k363
_2ddc
999 _c5580
_d5580